[Event "7th Gibtelecom Masters"]
[Site "Caleta ENG"]
[Date "2009.01.30"]
[Round "4"]
[White "Dzagnidze, N."]
[Black "Socko, B."]
[Result "1/2-1/2"]
[WhiteElo "2518"]
[BlackElo "2631"]
[PlyCount "45"]
[EventDate "2009.01.27"]
[SourceDate "1999.07.01"]

1. d4 Nf6 2. c4 e6 3. Nc3 Bb4 4. Qc2 O-O 5. a3 Bxc3+ 6. Qxc3 d6 7. f3 c5 8.
dxc5 dxc5 9. Bg5 Nc6 10. e3 e5 11. Bd3 Be6 12. Ne2 h6 13. Bxf6 Qxf6 14. O-O
Rad8 15. Rad1 b6 16. Be4 Na5 17. b3 Rxd1 18. Rxd1 Rd8 19. Rd3 Rxd3 20. Qxd3 Qe7
21. Bd5 Nb7 22. Nc3 Nd6 23. Bxe6 1/2-1/2

[Event "7th Gibtelecom Masters"]
[Site "Caleta ENG"]
[Date "2009.01.31"]
[Round "5"]
[White "Beliavsky, A."]
[Black "Dzagnidze, N."]
[Result "1-0"]
[WhiteElo "2646"]
[BlackElo "2518"]
[PlyCount "125"]
[EventDate "2009.01.27"]
[SourceDate "1999.07.01"]

1. d4 Nf6 2. c4 e6 3. Nc3 Bb4 4. Qc2 O-O 5. a3 Bxc3+ 6. Qxc3 b6 7. Bg5 Bb7 8.
e3 d6 9. Ne2 Nbd7 10. Qc2 c5 11. Rd1 cxd4 12. Rxd4 Qc7 13. Nc3 d5 14. cxd5 Bxd5
15. Bd3 Rfc8 16. O-O h6 17. Bh4 e5 18. Ra4 Bc6 19. Rc4 Qb7 20. Rc1 Bxg2 21. Nb5
Rxc4 22. Bxc4 Be4 23. Nd6 Bxc2 24. Nxb7 Be4 25. Nd6 Bd5 26. Bb5 Nc5 27. Bxf6
gxf6 28. b4 Ne6 29. Rc8+ Nd8 30. Rxa8 Bxa8 31. Nc8 Kf8 32. Nxa7 Bb7 33. Be2 Ke7
34. Nb5 f5 35. Nc3 Kd6 36. Kf1 f6 37. Bd3 Bc8 38. Kg2 Nc6 39. Kg3 e4 40. Be2
Be6 41. Nb5+ Ke5 42. Nc7 Ne7 43. Nxe6 Kxe6 44. Kh4 Ke5 45. Kh5 Nd5 46. Kxh6 f4
47. exf4+ Nxf4 48. Bf1 Nd3 49. f3 f5 50. fxe4 fxe4 51. Kg5 Ne1 52. h4 Nf3+ 53.
Kh5 e3 54. a4 Nd4 55. a5 bxa5 56. bxa5 Kd6 57. a6 Kc7 58. Kg4 e2 59. Bxe2 Nxe2
60. h5 Nc3 61. h6 Ne4 62. Kf5 Nd6+ 63. Kg6 1-0

[Event "Open"]
[Site "Moscow RUS"]
[Date "2009.01.31"]
[Round "1"]
[White "Khairullin, I."]
[Black "Sargissian, G."]
[Result "1/2-1/2"]
[WhiteElo "2574"]
[BlackElo "2678"]
[PlyCount "28"]
[EventDate "2009.01.31"]
[SourceDate "1999.07.01"]

1. d4 Nf6 2. c4 e6 3. Nc3 Bb4 4. Qc2 d5 5. a3 Bxc3+ 6. Qxc3 Ne4 7. Qc2 c5 8.
dxc5 Nc6 9. e3 Qa5+ 10. Bd2 Nxd2 11. Qxd2 dxc4 12. Bxc4 Qxc5 13. Rc1 Qe7 14.
Nf3 O-O 1/2-1/2

[Event "7th Gibtelecom Masters"]
[Site "Caleta ENG"]
[Date "2009.02.05"]
[Round "10"]
[White "Gordon, S."]
[Black "Beliavsky, A."]
[Result "1/2-1/2"]
[WhiteElo "2524"]
[BlackElo "2646"]
[PlyCount "74"]
[EventDate "2009.01.27"]
[SourceDate "1999.07.01"]

1. d4 Nf6 2. c4 e6 3. Nc3 Bb4 4. Qc2 O-O 5. e4 d5 6. e5 Ne4 7. Bd3 c5 8. Nge2
cxd4 9. Nxd4 Nd7 10. Bf4 Ndc5 11. O-O Nxd3 12. Qxd3 Nxc3 13. bxc3 Be7 14. Rfd1
Qa5 15. cxd5 exd5 16. Nb3 Qa4 17. Qg3 Qe4 18. Bg5 Bxg5 19. Qxg5 Re8 20. Re1 Qg6
21. Qd2 Be6 22. Re3 Rac8 23. Nd4 Bd7 24. f4 b5 25. Rae1 Qb6 26. f5 b4 27. e6
fxe6 28. fxe6 Ba4 29. cxb4 Rc4 30. Nf5 Rc2 31. Qd4 Qxd4 32. Nxd4 Rc4 33. Nf5
Rxb4 34. e7 Rb6 35. Re6 Rxe6 36. Rxe6 Bd7 37. Re5 Bxf5 1/2-1/2

[Event "Open A"]
[Site "Moscow RUS"]
[Date "2009.02.07"]
[Round "8"]
[White "Riazantsev, A."]
[Black "Zubarev, Al1"]
[Result "1-0"]
[WhiteElo "2634"]
[BlackElo "2566"]
[PlyCount "139"]
[EventDate "2009.01.31"]
[SourceDate "1999.07.01"]

1. d4 Nf6 2. c4 e6 3. Nc3 Bb4 4. Qc2 c5 5. dxc5 O-O 6. a3 Bxc5 7. Nf3 b6 8. Bf4
Bb7 9. Rd1 Nc6 10. e3 Be7 11. Be2 Rc8 12. O-O a6 13. e4 Na5 14. Nd2 d6 15. b4
Nc6 16. Nf3 Qc7 17. Rd2 Ng4 18. Rfd1 Rfd8 19. Na4 Nge5 20. Be3 Nd7 21. Qb1 Ba8
22. e5 Ncxe5 23. Nxe5 Nxe5 24. Nxb6 Rb8 25. Nxa8 Rxa8 26. Rc1 Rab8 27. f4 Nd7
28. f5 a5 29. fxe6 fxe6 30. Bg4 Nc5 31. Rf2 Bf6 32. Rcf1 axb4 33. axb4 Qe7 34.
Kh1 Re8 35. Re2 Qb7 36. Bxc5 dxc5 37. b5 Qb6 38. Qe4 Re7 39. Ra2 Kh8 40. Ra6
Qd8 41. Rxe6 Rxe6 42. Bxe6 Rb6 43. Bd5 Bd4 44. Bc6 Rb8 45. Qf4 g6 46. Re1 Qg8
47. Bd5 Re8 48. Rb1 Qg7 49. b6 Rf8 50. Qd6 Be5 51. Qxc5 Qf6 52. g3 Qf5 53. Re1
Bxg3 54. Qd4+ Rf6 55. b7 Kg7 56. Bg2 Qh5 57. Re7+ Kh6 58. Qe3+ Bf4 59. Qh3 Qxh3
60. Bxh3 Rb6 61. Be6 Kg5 62. Bd5 h5 63. Kg2 Rb2+ 64. Kf3 Rb3+ 65. Ke2 Bxh2 66.
Kd2 Bg1 67. Kc2 Rb6 68. Re6 Rb4 69. Kc3 Bc5 70. Re8 1-0

[Event "80th ch-GER"]
[Site "Saarbruecken GER"]
[Date "2009.02.09"]
[Round "4"]
[White "Khenkin, I."]
[Black "Braun, A."]
[Result "1/2-1/2"]
[WhiteElo "2644"]
[BlackElo "2558"]
[PlyCount "46"]
[EventDate "2009.02.06"]
[SourceDate "1999.07.01"]

1. c4 Nf6 2. Nc3 e6 3. d4 Bb4 4. Qc2 O-O 5. e4 d6 6. a3 Bxc3+ 7. bxc3 Nbd7 8.
Bd3 c5 9. Ne2 Qc7 10. O-O b5 11. Qa2 cxd4 12. cxd4 bxc4 13. Qxc4 Qxc4 14. Bxc4
Nxe4 15. Bf4 d5 16. Bb5 g5 17. Bc7 a6 18. Bd3 Ra7 19. Ba5 Nb8 20. Bb4 Rd8 21.
f3 Nd6 22. Rfc1 Nc4 23. Bxc4 dxc4 1/2-1/2

[Event "TCh-NED 2008-9"]
[Site "Netherlands NED"]
[Date "2008.11.22"]
[Round "3"]
[White "Fridman, D2."]
[Black "Werle, J."]
[Result "1/2-1/2"]
[WhiteElo "2637"]
[BlackElo "2591"]
[PlyCount "129"]
[EventDate "2008.09.27"]
[SourceDate "1999.07.01"]

1. d4 Nf6 2. c4 e6 3. Nc3 Bb4 4. Qc2 O-O 5. e4 d5 6. e5 Ne4 7. Bd3 c5 8. Nge2
Nc6 9. O-O cxd4 10. cxd5 exd5 11. Nxd5 Qxd5 12. Bxe4 Qxe5 13. Bxh7+ Kh8 14. Bf4
Qf6 15. a3 Ba5 16. Be4 Bg4 17. Bg3 Rfe8 18. Nf4 Rac8 19. b4 Nxb4 20. Qa4 Rxe4
21. axb4 Bb6 22. Nd5 Qd8 23. Nxb6 axb6 24. f3 Bd7 25. Qd1 Re8 26. Qxd4 Bb5 27.
Qxd8 Rexd8 28. Rfc1 Bc4 29. h4 b5 30. Rd1 Be6 31. Rxd8+ Rxd8 32. Be5 Rd5 33.
Bc3 Rd3 34. Be1 Kh7 35. Ra8 Bc4 36. Re8 Be6 37. Kf2 Rb3 38. Rd8 Bc4 39. Rd7
Rb2+ 40. Bd2 Be6 41. Rd8 Bc4 42. Rd7 Be6 43. Rd6 Rb3 44. Rb6 Rb2 45. Ke3 Rb3+
46. Ke4 Bc4 47. Rxb7 Rd3 48. Be3 Bd5+ 49. Kxd3 Bxb7 50. Kd4 Bc8 51. Kc5 Bd7 52.
g4 f6 53. h5 Kg8 54. Bd4 Kf7 55. Bc3 Kg8 56. Bd2 Kf7 57. Be3 Kg8 58. h6 gxh6
59. Bxh6 Kf7 60. Bd2 Kg6 61. Be3 f5 62. Kd6 Be8 63. Ke7 Bc6 64. Ke6 fxg4 65.
fxg4 1/2-1/2

[Event "80th ch-GER"]
[Site "Saarbruecken GER"]
[Date "2009.02.10"]
[Round "5"]
[White "Braun, A."]
[Black "Meier, Geo"]
[Result "1/2-1/2"]
[WhiteElo "2558"]
[BlackElo "2608"]
[PlyCount "56"]
[EventDate "2009.02.06"]
[SourceDate "1999.07.01"]

1. d4 e6 2. c4 Nf6 3. Nc3 Bb4 4. Qc2 O-O 5. e4 d5 6. e5 Ne4 7. a3 Bxc3+ 8. bxc3
c5 9. Bd3 Qa5 10. Ne2 cxd4 11. cxd5 exd5 12. f3 Nxc3 13. Nxd4 Ne4+ 14. Ke2 f5
15. e6 Nc6 16. Nxc6 bxc6 17. e7 Re8 18. Qxc6 Rxe7 19. fxe4 fxe4 20. Bc4 dxc4
21. Qxa8 Re8 22. Qc6 Bg4+ 23. Kf2 Qe5 24. Re1 Rf8+ 25. Kg1 Qxa1 26. Qxc4+ Kh8
27. Qxe4 Qc3 28. Qe3 Qxe3+ 1/2-1/2

[Event "ch-CZE"]
[Site "Decin CZE"]
[Date "2009.02.13"]
[Round "4"]
[White "Rausis, I."]
[Black "Stocek, J."]
[Result "1/2-1/2"]
[WhiteElo "2501"]
[BlackElo "2586"]
[PlyCount "70"]
[EventDate "2009.02.10"]
[SourceDate "1999.07.01"]

1. d4 Nf6 2. c4 e6 3. Nc3 Bb4 4. Qc2 O-O 5. Nf3 d6 6. Bd2 Re8 7. a3 Bxc3 8.
Bxc3 Nc6 9. Rd1 Qe7 10. e3 e5 11. dxe5 dxe5 12. Be2 Bg4 13. h3 Bh5 14. O-O a5
15. Nxe5 Nxe5 16. Bxh5 Nxh5 17. Bxe5 Qxe5 18. Rd5 Qe4 19. Qxe4 Rxe4 20. Rxh5
Rxc4 21. Rd1 b6 22. Rd7 Re8 23. Rf5 f6 24. g4 h6 25. Rf4 Rxf4 26. exf4 Re2 27.
b4 axb4 28. axb4 Re4 29. f5 Rxb4 30. Rxc7 h5 31. gxh5 Kh7 32. Rb7 Rb5 33. Kg2
Rxf5 34. Rxb6 Rg5+ 35. Kh2 Rxh5 1/2-1/2

[Event "ch-CUB"]
[Site "Las Tunas CUB"]
[Date "2009.01.21"]
[Round "2"]
[White "Hernandez Carmenates, Hold"]
[Black "Quezada Perez, Y."]
[Result "1/2-1/2"]
[WhiteElo "2568"]
[BlackElo "2590"]
[PlyCount "69"]
[EventDate "2009.01.20"]
[SourceDate "1999.07.01"]

1. d4 Nf6 2. c4 e6 3. Nc3 Bb4 4. Qc2 d5 5. a3 Bxc3+ 6. Qxc3 Ne4 7. Qc2 c5 8.
dxc5 Nc6 9. cxd5 exd5 10. e3 Qa5+ 11. Bd2 Nxd2 12. Qxd2 Qxc5 13. b4 Qd6 14. Bb5
O-O 15. Nf3 Ne5 16. Nd4 Bd7 17. Be2 Qg6 18. g3 Bh3 19. f4 Nc4 20. Bxc4 dxc4 21.
Qc2 Qxc2 22. Nxc2 Bg2 23. Rg1 Be4 24. Nd4 Rfc8 25. Nb5 Rc6 26. Nc3 Re8 27. Kf2
Bd3 28. Rge1 f5 29. Rac1 Rh6 30. h4 Rc6 31. a4 a6 32. Red1 Rce6 33. Re1 Rd8 34.
Red1 Rde8 35. Re1 1/2-1/2

[Event "ch-CUB"]
[Site "Las Tunas CUB"]
[Date "2009.01.25"]
[Round "6"]
[White "Gonzalez Vidal, Y."]
[Black "Hernandez Carmenates, Hold"]
[Result "1/2-1/2"]
[WhiteElo "2507"]
[BlackElo "2568"]
[PlyCount "111"]
[EventDate "2009.01.20"]
[SourceDate "1999.07.01"]

1. d4 Nf6 2. c4 e6 3. Nc3 Bb4 4. Qc2 O-O 5. a3 Bxc3+ 6. Qxc3 h6 7. Nf3 b6 8. g4
d5 9. Rg1 Ne4 10. Qc2 c5 11. g5 h5 12. Be3 cxd4 13. Nxd4 Nd6 14. cxd5 e5 15.
Nf3 Bf5 16. Qb3 Nd7 17. Nh4 Nc5 18. Bxc5 bxc5 19. Nxf5 Nxf5 20. e3 Qa5+ 21. Qc3
Qxc3+ 22. bxc3 Rab8 23. Be2 Rb3 24. Bxh5 Rfb8 25. Bd1 Rxc3 26. Kd2 Rc4 27. Rc1
Nd6 28. Rxc4 Nxc4+ 29. Kc3 Nxa3 30. Be2 c4 31. Bxc4 Rc8 32. Rg4 Nb5+ 33. Kb2
Nd6 34. Bb3 a5 35. Ra4 Rc5 36. f4 f6 37. gxf6 gxf6 38. fxe5 fxe5 39. Rh4 Kg7
40. Rh5 Rb5 41. Ka3 e4 42. Re5 Rb4 43. Re7+ Kf8 44. Rd7 Nb5+ 45. Ka2 Ke8 46.
Rh7 a4 47. Bc2 Rc4 48. Bb1 Nc3+ 49. Ka1 a3 50. Ra7 Nxb1 51. Kxb1 Rc3 52. d6
Rxe3 53. Re7+ Kd8 54. Ka2 Re2+ 55. Kxa3 Rxh2 56. Rxe4 1/2-1/2

[Event "2nd Pfalz Open"]
[Site "Neustadt an der Weinstrasse G"]
[Date "2009.02.22"]
[Round "9"]
[White "Kveinys, A."]
[Black "Yemelin, V."]
[Result "1/2-1/2"]
[WhiteElo "2522"]
[BlackElo "2578"]
[PlyCount "110"]
[EventDate "2009.02.15"]
[SourceDate "1999.07.01"]

1. d4 Nf6 2. c4 e6 3. Nc3 Bb4 4. Qc2 d5 5. cxd5 exd5 6. Bg5 c5 7. Nf3 Nbd7 8.
e3 Qa5 9. Bd3 c4 10. Bf5 O-O 11. O-O Re8 12. Nd2 g6 13. Bh3 Kg7 14. Rfd1 h6 15.
Bh4 Bxc3 16. Qxc3 Qxc3 17. bxc3 g5 18. Bxd7 Nxd7 19. Bg3 Nb6 20. a4 Bd7 21. a5
Na4 22. Ra3 b5 23. axb6 axb6 24. Rb1 b5 25. Bd6 Ra6 26. Bb4 Bf5 27. Rba1 f6 28.
h3 h5 29. R3a2 h4 30. Kh2 Kf7 31. Kh1 Ke6 32. Kh2 Kd7 33. Kh1 Kc6 34. Kh2 Kb7
35. Kh1 Rea8 36. Kg1 Bd3 37. Kh2 Bg6 38. Kg1 Re8 39. Kh2 Bf5 40. Kh1 Raa8 41.
Kg1 Be4 42. Nf1 Re6 43. Nh2 Rea6 44. Ng4 Bf5 45. Nh2 Bg6 46. f3 Bd3 47. Kf2 f5
48. Ra3 Re6 49. R3a2 Rg8 50. Rc1 Rf6 51. Kg1 Ra6 52. Rca1 Kc6 53. Kf2 Re8 54.
Ra3 Kb7 55. R3a2 Kc6 1/2-1/2

[Event "ch-CZE"]
[Site "Decin CZE"]
[Date "2009.02.20"]
[Round "11"]
[White "Stocek, J."]
[Black "Cvek, R."]
[Result "1/2-1/2"]
[WhiteElo "2586"]
[BlackElo "2531"]
[PlyCount "72"]
[EventDate "2009.02.10"]
[SourceDate "1999.07.01"]

1. d4 Nf6 2. c4 e6 3. Nc3 Bb4 4. Qc2 Nc6 5. e3 d6 6. Bd2 a5 7. Bd3 e5 8. Nge2
O-O 9. O-O Re8 10. f3 h6 11. a3 exd4 12. exd4 Bxc3 13. bxc3 b6 14. Ng3 Bd7 15.
Rad1 a4 16. Qc1 Qe7 17. Rde1 Qf8 18. Ne4 Nxe4 19. fxe4 Na5 20. Qd1 Nb3 21. Bf4
Ra5 22. Re3 Qe7 23. Rg3 Qh4 24. Qf3 Re7 25. Bc2 Rh5 26. h3 Na5 27. Qd3 Be6 28.
d5 Bd7 29. Bd1 Rhe5 30. Bxe5 Rxe5 31. Bg4 Be8 32. Bf5 g6 33. Rg4 Qe7 34. Bc8
Nb3 35. Qe3 h5 36. Rgf4 Nc5 1/2-1/2

[Event "5th Karen Asrian Memorial"]
[Site "?"]
[Date "2012.??.??"]
[Round "6"]
[White "Grigoryan, Av"]
[Black "Melkumyan, H."]
[Result "1/2-1/2"]
[WhiteElo "2580"]
[BlackElo "2640"]
[PlyCount "68"]
[EventDate "2012.??.??"]
[SourceDate "1999.07.01"]

1. d4 Nf6 2. c4 e6 3. Nc3 Bb4 4. Qc2 d5 5. a3 Bxc3+ 6. Qxc3 Ne4 7. Qc2 Nc6 8.
e3 e5 9. cxd5 Qxd5 10. Bc4 Qa5+ 11. b4 Nxb4 12. Qxe4 Nc2+ 13. Ke2 Qe1+ 14. Kf3
Nxa1 15. Bb2 O-O 16. h4 h6 17. Kg3 Re8 18. Kh2 Qxf2 19. Bxa1 Bf5 20. Qxb7 exd4
21. Nf3 Be4 22. Qxc7 Bxf3 23. Qxf7+ Kh8 24. Qxf3 Qxh4+ 25. Kg1 Qe1+ 26. Kh2
Qh4+ 27. Qh3 Qxh3+ 28. gxh3 Rac8 29. Bd3 dxe3 30. Rg1 Re7 31. Rg2 Rcc7 32. Rb2
Rc8 33. Rg2 Rcc7 34. Rb2 Rc8 1/2-1/2

[Event "11th Gibraltar Masters"]
[Site "Caleta ENG"]
[Date "2013.01.30"]
[Round "9.10"]
[White "Dzagnidze, N."]
[Black "Georgiev, Ki"]
[Result "0-1"]
[WhiteElo "2555"]
[BlackElo "2643"]
[PlyCount "56"]
[EventDate "2013.01.22"]
[SourceDate "1999.07.01"]

1. d4 Nf6 2. c4 e6 3. Nc3 Bb4 4. Qc2 O-O 5. a3 Bxc3+ 6. Qxc3 d6 7. Bg5 Nbd7 8.
e3 b6 9. Ne2 c5 10. Rd1 Qc7 11. Bf4 e5 12. dxe5 dxe5 13. Bg3 Ne4 14. Qc2 f5 15.
f3 Nxg3 16. Nxg3 Nf6 17. Nxf5 e4 18. Nd6 exf3 19. gxf3 Qe7 20. Qc3 Nh5 21. Be2
Bh3 22. Rd5 Nf6 23. Nf5 Bxf5 24. Rxf5 Rae8 25. Kf2 Ne4+ 26. fxe4 Qxe4 27. Rf3
Rxf3+ 28. Bxf3 Rf8 0-1

[Event "11th Gibraltar Masters"]
[Site "Caleta ENG"]
[Date "2013.01.24"]
[Round "3.4"]
[White "Al Sayed, Mohamad"]
[Black "Navara, D."]
[Result "1/2-1/2"]
[WhiteElo "2507"]
[BlackElo "2710"]
[PlyCount "58"]
[EventDate "2013.01.22"]
[SourceDate "1999.07.01"]

1. d4 Nf6 2. c4 e6 3. Nc3 Bb4 4. Qc2 O-O 5. a3 Bxc3+ 6. Qxc3 d5 7. Nf3 dxc4 8.
Qxc4 b6 9. Bg5 Bb7 10. Rd1 Bd5 11. Qc2 c5 12. dxc5 Nbd7 13. e4 Bxe4 14. Bd3
Bxd3 15. Rxd3 Qc7 16. Bxf6 Nxf6 17. Rc3 Nd5 18. Rc4 bxc5 19. Rxc5 Qb7 20. O-O
a5 21. Nd4 Rfc8 22. Nc6 a4 23. Rc1 h6 24. g3 Rc7 25. Qd2 Qb6 26. R5c4 Qb5 27.
Rc5 Qb6 28. R5c4 Qb5 29. Rc5 Qb6 1/2-1/2

[Event "11th Gibraltar Masters"]
[Site "Caleta ENG"]
[Date "2013.01.25"]
[Round "4.10"]
[White "Navara, D."]
[Black "Harika, D."]
[Result "1-0"]
[WhiteElo "2710"]
[BlackElo "2514"]
[PlyCount "75"]
[EventDate "2013.01.22"]
[SourceDate "1999.07.01"]

1. d4 Nf6 2. c4 e6 3. Nc3 Bb4 4. Qc2 O-O 5. a3 Bxc3+ 6. Qxc3 Qe8 7. g3 a5 8.
Bg2 d6 9. b3 Ra7 10. Bg5 Nbd7 11. e4 e5 12. Ne2 exd4 13. Qxd4 Ra6 14. Nc3 h6
15. Bxf6 Nxf6 16. O-O Qe5 17. Qd2 Bd7 18. Nd5 Nxd5 19. cxd5 c6 20. Rfe1 Re8 21.
Rad1 Raa8 22. dxc6 Bxc6 23. Qxd6 Qb2 24. Rb1 Qa2 25. e5 Re6 26. Qc5 b6 27. Qc3
Qxa3 28. Bh3 Qe7 29. Rbd1 Rc8 30. Bxe6 fxe6 31. Rd6 Bb7 32. Qd3 Rf8 33. Qg6 Bc8
34. Rc1 b5 35. Rdc6 Bd7 36. Rc7 Qf7 37. Qxf7+ Rxf7 38. Ra7 1-0

[Event "11th Gibraltar Masters"]
[Site "Caleta ENG"]
[Date "2013.01.26"]
[Round "5.9"]
[White "Al Sayed, Mohamad"]
[Black "Georgiev, Ki"]
[Result "0-1"]
[WhiteElo "2507"]
[BlackElo "2643"]
[PlyCount "42"]
[EventDate "2013.01.22"]
[SourceDate "1999.07.01"]

1. d4 Nf6 2. c4 e6 3. Nc3 Bb4 4. Qc2 d5 5. a3 Bxc3+ 6. Qxc3 dxc4 7. Qxc4 b6 8.
Bf4 O-O 9. Bxc7 Qd7 10. Be5 Ba6 11. Qb3 Rc8 12. Bxf6 gxf6 13. e3 Bxf1 14. Kxf1
Nc6 15. Qb5 a6 16. Qxb6 Rcb8 17. Qc5 Rxb2 18. g3 e5 19. Nf3 Rc8 20. Qc3 Qb7 21.
Qd3 Nxd4 0-1

[Event "Asian Zone 3.3"]
[Site "Tagaytay City PHI"]
[Date "2013.01.25"]
[Round "5.1"]
[White "So, W."]
[Black "Gundavaa, B."]
[Result "1-0"]
[WhiteElo "2682"]
[BlackElo "2522"]
[PlyCount "77"]
[EventDate "2013.01.22"]
[SourceDate "1999.07.01"]

1. d4 Nf6 2. c4 e6 3. Nc3 Bb4 4. Qc2 O-O 5. Nf3 d5 6. cxd5 Qxd5 7. e3 b6 8. a3
Bxc3+ 9. bxc3 Bb7 10. Bb2 Qa5 11. Nd2 Nbd7 12. e4 Qg5 13. f3 c5 14. Nc4 cxd4
15. cxd4 Rfc8 16. Qd2 Qh4+ 17. Qf2 Qxf2+ 18. Kxf2 Ba6 19. Rc1 Rc6 20. Bd3 Rac8
21. Nd6 Rxc1 22. Bxc1 Rxc1 23. Rxc1 Bxd3 24. Ke3 Ba6 25. Rc7 Nb8 26. Rxa7 Bf1
27. Kf2 Bd3 28. Nxf7 Nbd7 29. Nd6 h6 30. h4 h5 31. a4 Bc2 32. Ke2 Bb3 33. a5
bxa5 34. Rxa5 e5 35. d5 Nb6 36. Kd3 Nfd7 37. Kc3 Bd1 38. Nf5 Ba4 39. Ne3 1-0

[Event "73rd ch-ARM 2013"]
[Site "Yerevan ARM"]
[Date "2013.01.15"]
[Round "4.1"]
[White "Andriasian, Z."]
[Black "Grigoryan, Av"]
[Result "1/2-1/2"]
[WhiteElo "2598"]
[BlackElo "2599"]
[PlyCount "54"]
[EventDate "2013.01.12"]
[SourceDate "1999.07.01"]

1. d4 e6 2. c4 Nf6 3. Nc3 Bb4 4. Qc2 d5 5. cxd5 exd5 6. Bg5 h6 7. Bh4 c5 8.
dxc5 g5 9. Bg3 Ne4 10. Bxb8 Qf6 11. Bg3 Nxc3 12. a3 Bf5 13. Qd2 Ba5 14. e3
O-O-O 15. Bd6 d4 16. Ne2 Bg4 17. exd4 Ne4 18. Qxa5 Qxf2+ 19. Kd1 Rd7 20. Rc1
Qe3 21. Rc2 Nf2+ 22. Ke1 Nd3+ 23. Kd1 Nf2+ 24. Ke1 Re8 25. Qxa7 Nd3+ 26. Kd1
Nf2+ 27. Ke1 Nd3+ 1/2-1/2

[Event "Dvorkovich Mem 2013"]
[Site "Taganrog RUS"]
[Date "2013.01.16"]
[Round "2.1"]
[White "Khismatullin, D."]
[Black "Predke, A."]
[Result "1-0"]
[WhiteElo "2652"]
[BlackElo "2503"]
[PlyCount "71"]
[EventDate "2013.01.15"]
[SourceDate "1999.07.01"]

1. d4 Nf6 2. c4 e6 3. Nc3 Bb4 4. Qc2 O-O 5. a3 Bxc3+ 6. Qxc3 d5 7. Bg5 dxc4 8.
Qxc4 b6 9. Rd1 Ba6 10. Qa4 Qd7 11. Qc2 Qc6 12. Qxc6 Nxc6 13. Bxf6 gxf6 14. Nf3
Rfc8 15. e3 Nb8 16. Be2 Kf8 17. d5 c5 18. dxc6 Bxe2 19. Kxe2 Ke7 20. Rd4 Nxc6
21. Rh4 Na5 22. b4 Nb3 23. Rb1 Rc3 24. Rxh7 Rd8 25. Ke1 e5 26. g4 Nc1 27. Kf1
Nd3 28. Rd1 Rxa3 29. Nh4 Rc8 30. Kg2 Ke6 31. Nf5 Rd8 32. Kg3 Ra2 33. h3 a5 34.
bxa5 bxa5 35. f3 a4 36. Rh8 1-0

[Event "Dvorkovich Mem 2013"]
[Site "Taganrog RUS"]
[Date "2013.01.20"]
[Round "6.4"]
[White "Smirnov, P."]
[Black "Kryakvin, D."]
[Result "1/2-1/2"]
[WhiteElo "2610"]
[BlackElo "2586"]
[PlyCount "46"]
[EventDate "2013.01.15"]
[SourceDate "1999.07.01"]

1. d4 Nf6 2. c4 e6 3. Nc3 Bb4 4. Qc2 O-O 5. Nf3 d6 6. Bg5 Nbd7 7. e3 b6 8. Bd3
h6 9. Bh4 Bb7 10. Nd2 Bxc3 11. Qxc3 c5 12. O-O Rc8 13. Rac1 Re8 14. dxc5 Nxc5
15. Bxf6 Qxf6 16. Qxf6 gxf6 17. Be2 f5 18. Rfd1 Red8 19. Nb1 Ne4 20. Nd2 Nc5
21. Nb1 Ne4 22. Nd2 Nc5 23. Nb1 Ne4 1/2-1/2

[Event "TCh-AUT 2012-13"]
[Site "Graz AUT"]
[Date "2013.01.18"]
[Round "5.4"]
[White "Bernasek, J."]
[Black "Boensch, U."]
[Result "1-0"]
[WhiteElo "2506"]
[BlackElo "2528"]
[PlyCount "163"]
[EventDate "2012.11.02"]
[SourceDate "1999.07.01"]
[WhiteTeam "SK Zwettl"]
[BlackTeam "SK Sparkasse Jenbach"]

1. d4 Nf6 2. c4 e6 3. Nc3 Bb4 4. Qc2 Nc6 5. e3 O-O 6. Nge2 d5 7. a3 Bxc3+ 8.
Nxc3 e5 9. dxe5 Nxe5 10. cxd5 Nxd5 11. Be2 Nxc3 12. Qxc3 Qg5 13. Kf1 Qe7 14. f3
Re8 15. b4 a5 16. Bb2 axb4 17. axb4 Rxa1+ 18. Bxa1 f6 19. Kf2 Be6 20. Bb2 c6
21. Qc5 Qxc5 22. bxc5 Bc4 23. Bxe5 Bxe2 24. Bd4 Bb5 25. Ra1 h5 26. e4 Kf7 27.
Ke3 g5 28. h4 gxh4 29. Rh1 Ra8 30. Rxh4 Ra3+ 31. Kf4 Rd3 32. Be3 Kg6 33. Rh1
Bc4 34. Ra1 Ba6 35. g4 hxg4 36. Rg1 Bc4 37. Rxg4+ Kf7 38. Rh4 Kg7 39. Rh1 Bb5
40. Re1 Kg6 41. Kg4 Ba4 42. Kf4 Bb5 43. Rg1+ Kf7 44. Rh1 Kg7 45. Bf2 Rb3 46.
Rd1 Be2 47. Rd7+ Kg6 48. Be3 Bc4 49. Rd4 Be6 50. Rd1 Kf7 51. Re1 Kg6 52. Rh1
Kg7 53. Rh2 Rd3 54. Rb2 Bb3 55. Rb1 Kg6 56. Ra1 Be6 57. Ra7 Rb3 58. Ra8 Kf7 59.
Rh8 Kg7 60. Rd8 Kf7 61. Rd6 Ke7 62. Bd4 Kf7 63. Rd8 Rd3 64. Bxf6 Rb3 65. Bd4
Rd3 66. Rd6 Bh3 67. Rh6 Rxd4 68. Rxh3 Rc4 69. Rh7+ Ke6 70. Rxb7 Rxc5 71. Rh7
Rc3 72. Rh6+ Kd7 73. e5 c5 74. Ke4 Rc4+ 75. Kf5 Rd4 76. Ra6 c4 77. e6+ Ke8 78.
Ke5 Rd3 79. f4 Re3+ 80. Kf6 Kd8 81. Ra8+ Kc7 82. e7 1-0

[Event "TCh-AUT 2012-13"]
[Site "Graz AUT"]
[Date "2013.01.20"]
[Round "7.3"]
[White "Schlosser, P."]
[Black "Shengelia, D."]
[Result "1-0"]
[WhiteElo "2579"]
[BlackElo "2529"]
[PlyCount "53"]
[EventDate "2012.11.02"]
[SourceDate "1999.07.01"]
[WhiteTeam "SK Sparkasse Jenbach"]
[BlackTeam "SK Advisory Invest Baden"]

1. c4 e6 2. d4 Nf6 3. Nc3 Bb4 4. Qc2 d5 5. a3 Bxc3+ 6. Qxc3 b6 7. cxd5 Qxd5 8.
f3 Ba6 9. e4 Qd7 10. Ne2 O-O 11. Be3 Rc8 12. Rc1 Bb5 13. Kf2 a5 14. Nf4 Na6 15.
Bxb5 Qxb5 16. Rhd1 c5 17. Nd3 c4 18. Ne5 Rc7 19. Nxc4 Rac8 20. Nd6 Qd7 21. Nxc8
Rxc3 22. Rxc3 Qb5 23. Rd2 Ne8 24. d5 Nc5 25. Nxb6 Qxb6 26. Rxc5 Qb8 27. d6 1-0

[Event "73rd ch-ARM 2013"]
[Site "Yerevan ARM"]
[Date "2013.01.12"]
[Round "1.1"]
[White "Kotanjian, T."]
[Black "Pashikian, A."]
[Result "0-1"]
[WhiteElo "2518"]
[BlackElo "2607"]
[PlyCount "110"]
[EventDate "2013.01.12"]
[SourceDate "1999.07.01"]

1. d4 Nf6 2. c4 e6 3. Nc3 Bb4 4. Qc2 d5 5. a3 Bxc3+ 6. Qxc3 Ne4 7. Qc2 c5 8.
dxc5 Nc6 9. cxd5 exd5 10. Nf3 Qf6 11. e3 Bg4 12. Be2 O-O 13. O-O Rfe8 14. b4
Bxf3 15. Bb2 Bxe2 16. Bxf6 Bxf1 17. Bxg7 Bxg2 18. Kxg2 Kxg7 19. Rg1 Re6 20.
Qb2+ Nf6 21. Kf1+ Kf8 22. Rg5 Rae8 23. Rf5 Ne5 24. Qd4 Ned7 25. Qf4 Rc8 26.
Qh6+ Ke8 27. Qg7 Ke7 28. Qg5 b6 29. Rxd5 bxc5 30. bxc5 Rg8 31. Qh4 Rg4 32. Qh3
Rc4 33. Rd6 Rxc5 34. Rxe6+ fxe6 35. Qg3 e5 36. Qh4 e4 37. Qf4 Ra5 38. Qc7 Rxa3
39. Kg2 a5 40. Kg3 Ra1 41. Kg2 Ra3 42. h3 Ke6 43. Qc6+ Kf5 44. Qb5+ Ne5 45. Qc5
Ra2 46. Qb5 a4 47. Qb1 Rd2 48. Qe1 Rb2 49. Qa5 a3 50. Qxa3 Nd3 51. Qa5+ Kg6 52.
h4 Rxf2+ 53. Kh3 Rf5 54. Qc7 Rf3+ 55. Kg2 Rxe3 0-1

[Event "Margaryan Mem 2013"]
[Site "Yerevan ARM"]
[Date "2013.01.14"]
[Round "8.4"]
[White "Grigoryan, K2."]
[Black "Benidze, D."]
[Result "1-0"]
[WhiteElo "2513"]
[BlackElo "2524"]
[PlyCount "67"]
[EventDate "2013.01.08"]
[SourceDate "1999.07.01"]

1. d4 Nf6 2. c4 e6 3. Nc3 Bb4 4. Qc2 c5 5. dxc5 Na6 6. a3 Bxc3+ 7. Qxc3 Nxc5 8.
b4 Nce4 9. Qb2 d5 10. c5 Nh5 11. g3 O-O 12. f3 Nexg3 13. hxg3 Nxg3 14. Rh2 Nxf1
15. Kxf1 f6 16. f4 e5 17. Nf3 Qe7 18. Kg1 d4 19. Qc2 h6 20. Qg6 Qe8 21. Rxh6
Bf5 22. Qxe8 Rfxe8 23. Rh2 a5 24. Bd2 axb4 25. Bxb4 Rad8 26. fxe5 fxe5 27. Nd2
Re6 28. Rf1 Bg6 29. Rf3 e4 30. Rfh3 Rd5 31. Rh8+ Kf7 32. Rb8 e3 33. Rxb7+ Kf6
34. Nf3 1-0